Cuentos que parecen ciertos / (Registro nro. 105)
[ vista simple ]
| 000 -LEADER | |
|---|---|
| fixed length control field | 01680nam a22002657a 4500 |
| 003 - CONTROL NUMBER IDENTIFIER | |
| control field | OSt |
| 005 - DATE AND TIME OF LATEST TRANSACTION | |
| control field | 20231011105411.0 |
| 008 - FIXED-LENGTH DATA ELEMENTS--GENERAL INFORMATION | |
| fixed length control field | 231009s2010 ag ||||| |||| 00| 1 spa d |
| 020 ## - INTERNATIONAL STANDARD BOOK NUMBER | |
| International Standard Book Number | 9789871565153 |
| 040 ## - CATALOGING SOURCE | |
| Transcribing agency | besoc |
| 100 ## - MAIN ENTRY--PERSONAL NAME | |
| Personal name | Hugh Munro, Héctor (Saki) |
| Relator term | autor |
| 245 00 - TITLE STATEMENT | |
| Title | Cuentos que parecen ciertos / |
| Statement of responsibility, etc. | [Edgar Allan Poe ... et al.] |
| 260 ## - PUBLICATION, DISTRIBUTION, ETC. | |
| Place of publication, distribution, etc. | Buenos Aires : |
| Name of publisher, distributor, etc. | Letra Impresa, |
| Date of publication, distribution, etc. | 2010 |
| 300 ## - PHYSICAL DESCRIPTION | |
| Extent | 102 p. |
| 490 1# - SERIES STATEMENT | |
| Series statement | La puerta secreta |
| 505 0# - FORMATTED CONTENTS NOTE | |
| Formatted contents note | La puerta secreta -- La llave maestra -- La ventana abierta / Saki -- El corazón delator / Edgar Allan Poe -- El viejo guardarropa de roble / Charles Dickens -- Nuestro primer cigarro / Horacio Quiroga -- Una historia desgraciada / Antón Chéjov -- Los secretos de cuentos que parecen ciertos -- Nuevas puestas para abrir.- |
| 520 ## - SUMMARY, ETC. | |
| Summary, etc. | Quien no se preguntó alguna vez al cerrar un libro: "¿Acaso esto paso realmente?". ¿Y a quién no le hubiera gustado ser protagonista de alguna historia de novela? Aunque sabemos que las personas reales no somos personajes y que la vida real no es un cuento, hay historias de ficción que se parecen mucho a lo vivido por algunas personas. Y hay personajes que parecen personas reales, o viceversa. En estos cuentos descubrirán qué "trampas" hace la literatura para parecerse a la realidad. [Nota del editor] |
| 650 #4 - SUBJECT ADDED ENTRY--TOPICAL TERM | |
| Topical term or geographic name entry element | Literatura |
| Form subdivision | Cuentos realistas |
| General subdivision | Colección juvenil |
| Chronological subdivision | Siglo XIX |
| -- | Siglo XX |
| 700 1# - ADDED ENTRY--PERSONAL NAME | |
| Personal name | Saki |
| Dates associated with a name | (1870-1916), |
| Relator term | autor |
| 700 1# - ADDED ENTRY--PERSONAL NAME | |
| Personal name | Poe, Edgar Alan, |
| Dates associated with a name | (1809-1849) |
| Relator term | autor |
| 700 1# - ADDED ENTRY--PERSONAL NAME | |
| Personal name | Dickens, Charles, |
| Dates associated with a name | (1812-1870) |
| Relator term | autor |
| 700 1# - ADDED ENTRY--PERSONAL NAME | |
| Personal name | Quiroga, Horacio, |
| Dates associated with a name | (1878-1937) |
| Relator term | autor |
| 700 1# - ADDED ENTRY--PERSONAL NAME | |
| Personal name | Chéjov, Antón, |
| Dates associated with a name | (1860-1904) |
| Relator term | autor |
| 942 ## - ADDED ENTRY ELEMENTS (KOHA) | |
| Source of classification or shelving scheme | Universal Decimal Classification |
| Koha item type | Libro de préstamo a domicilio |
| Suppress in OPAC | No |
| Withdrawn status | Lost status | Source of classification or shelving scheme | Damaged status | Not for loan | Collection | Home library | Current library | Date acquired | Total checkouts | Full call number | Barcode | Date last seen | Price effective from | Koha item type |
|---|---|---|---|---|---|---|---|---|---|---|---|---|---|---|
| Universal Decimal Classification | Colección General | Biblioteca Escuela de Ciencias Sociales | Biblioteca Escuela de Ciencias Sociales | 11/10/2023 | 82-34 C965 Caja Lengua 2 | 000289 | 11/10/2023 | 11/10/2023 | Libro de préstamo a domicilio |